Un diario vivir en tres etapas / (Registro nro. 14807)

Detalles MARC
000 -LIDER
fixed length control field 00734nam a2200229 a 4500
001 - NÚMERO DE CONTROL
Identificador de número de control 000047724
003 - IDENTIFICACDOR DE NÚMERO DE CONTROL
control field DO-SdBNP
005 - DATE AND TIME OF LATEST TRANSACTION
control field 20240909122207.0
008 - ELEMENTOS DE LONGITUD FIJA
fixed length control field 180724s2015 dr 000 0 spa d
020 ## - ISBN
International Standard Book Number 9789945167177
040 ## - FUENTE DE CATALOGACIÓN
Agencia que crea de manera original el registro DO-SdBNP
Idioma de catalogación spa
Agencia que realiza la transcripción BPMSU
082 #4 - NÚMERO DE CLASIFICACIÓN DECIMAL DE DEWEY
Classification number 923.7
Item number C957u 2015
Edition number 22
100 1# - ASIENTO PRINCIPAL -- NOMBRE PERSONAL
Nombre personal Cruz Henríquez, Juan de la
245 10 - MENCIÓN DE TITULO
Título Un diario vivir en tres etapas /
Mención de responsabilidad Juan de la Cruz Henríquez.
260 ## - PUBLICACIÓN, DISTRIBUCIÓN, ETC. (PIE DE IMPRENTA)
Lugar de publicación, distribución, etc Santo DOmingo, :
Nombre del editor, distribuidor, etc. Editora Búho,
Fecha de publicación, distribución, etc 2015.
300 ## - DESCRIPCIÓN FÍSICA
Extensión 110 p. ;
Dimensiones 20 cm.
500 ## - NOTA GENERAL
Nota general Incluye datos biográficos del autor en la contraportada.
590 ## - NOTA LOCAL
Texto de la nota local Inventariado, 2024/ VM
600 14 - ENCABEZAMIENTO DE MATERIA--NOMBRE PERSONAL
Nombre personal Cruz Henríquez, Juan de la
Subdivisión de forma Biografías.
910 ## - VALIDACIÓN
Validación VMateo V. Control de calidad. BPMSU
942 ## - ADDED ENTRY ELEMENTS (KOHA)
Source of classification or shelving scheme Dewey Decimal Classification
Koha item type Libros
Existencias
Withdrawn status Lost status Source of classification or shelving scheme Damaged status Not for loan Collection code Home library Current library Date acquired Total Checkouts Full call number Barcode Date last seen Price effective from Koha item type
    Dewey Decimal Classification     Colección Dominicana Biblioteca Pública Metropolitana Salomé Ureña Biblioteca Pública Metropolitana Salomé Ureña 09/09/2024   BPMSU CD 923.7 C957u 2015 BPMSU24090029 09/09/2024 09/09/2024 Libros